| 000 | 00572nam a2200241Ia 4500 | ||
|---|---|---|---|
| 005 | 20250425162615.0 | ||
| 008 | 250425s9999 xx 000 0 und d | ||
| 020 | _a8420529850 | ||
| 041 | _aspa | ||
| 082 | _a339 | ||
| 100 | _aBLANCHARD, BENJAMIN S. | ||
| 245 | 0 | _aMACROECONOMIA | |
| 250 | _a2A ED. | ||
| 260 |
_aEspaƱa _bPEARSON EDUCACION/PRENTICE HALL _c2000 |
||
| 260 | _aMADRID | ||
| 300 | _a607 | ||
| 650 | _aECONOMIA | ||
| 650 | _aMACROECONOMIA | ||
| 650 | _aMERCADOS FINANCIEROS | ||
| 650 | _aPOLITICA MONETARIA | ||
| 942 | _c01 | ||
| 010 | _a90107 | ||
| 999 |
_c232701 _d232701 |
||